[Event "Las Vegas National op"]
[Site "Las Vegas"]
[Date "2022.06.09"]
[Round "2"]
[White "Shevkunov, Vladyslav"]
[Black "Ngo, Bach"]
[Result "0-1"]
[WhiteElo "2145"]
[BlackElo "2327"]
[PlyCount "94"]
[EventDate "2022.06.08"]
[EventType "swiss"]
[EventRounds "9"]
[EventCountry "USA"]
[SourceTitle "CBM 208 Extra"]
[Source "ChessBase"]
[SourceDate "2022.07.31"]
[SourceVersion "1"]
[SourceVersionDate "2022.07.31"]
[SourceQuality "1"]

1. c4 Nf6 2. g3 e6 3. Bg2 d5 4. Nf3 dxc4 5. Qa4+ Bd7 6. Qxc4 c5 7. Ne5 Qc8 8. 0-0 Nc6 9. Nxd7 Qxd7 10. b3 Be7 11. Bb2 0-0 12. Rd1 Rac8 13. Nc3 Rfd8 14. Ne4 Nd4 15. Rac1 b5 16. Qd3 Nd5 17. Nc3 Nb6 18. Qe4 f5 19. Qb1 b4 20. e3 bxc3 21. dxc3 Ne2+ 22. Kh1 Qe8 23. Rc2 Qh5 24. Re1 Nxg3+ 25. fxg3 Nd5 26. Rce2 Bf6 27. Qc1 Bg5 28. Kg1 c4 29. Qc2 Nf6 30. Bc1 Nd7 31. e4 cxb3 32. axb3 Bxc1 33. Qxc1 Nc5 34. exf5 Nd3 35. Qe3 Nxe1 36. Rxe1 Qxf5 37. c4 Rd3 38. Qxa7 Rxb3 39. Qd7 Rf8 40. Qd1 Rb2 41. Kh1 Qf2 42. Rg1 Qe2 43. Qa1 Rc2 44. c5 Rxc5 45. Re1 Qd2 46. Rd1 Qc3 47. Qa6 Re5 0-1

[Event "North American-ch U20"]
[Site "Charlotte"]
[Date "2020.12.21"]
[Round "5"]
[White "Tsay, Vincent"]
[Black "Shevkunov, Vladyslav"]
[Result "1-0"]
[WhiteElo "2270"]
[BlackElo "1945"]
[PlyCount "77"]
[EventDate "2020.12.19"]
[EventType "swiss"]
[EventRounds "9"]
[EventCountry "USA"]
[SourceTitle "CBM 199 Extra"]
[Source "ChessBase"]
[SourceDate "2021.01.31"]
[SourceVersion "1"]
[SourceVersionDate "2021.01.31"]
[SourceQuality "1"]

1. d4 d5 2. Bf4 Nf6 3. e3 c5 4. c3 Nc6 5. Nd2 Bf5 6. Qb3 Qb6 7. dxc5 Qxb3 8. axb3 e5 9. Bg3 Bxc5 10. b4 Bd6 11. b5 Ne7 12. Ngf3 Nd7 13. Be2 f6 14. 0-0 g5 15. Ne1 Bg6 16. f3 Bc5 17. Bf2 Nf5 18. Nc2 Nd6 19. Rac1 Bxc2 20. Rxc2 Nf5 21. e4 Ne3 22. Bxe3 Bxe3+ 23. Kh1 Bxd2 24. Rxd2 dxe4 25. fxe4 Nc5 26. Rd5 Nd7 27. Bg4 Nb6 28. Rd6 0-0 29. h3 Kg7 30. Rfd1 Rf7 31. b3 Rc7 32. c4 Re8 33. Ra1 Nc8 34. Rd7+ Re7 35. Rxc7 Rxc7 36. Bxc8 Rxc8 37. Rxa7 f5 38. Rxb7+ Kf6 39. Rb6+ 1-0

[Event "North American-ch U20"]
[Site "Charlotte"]
[Date "2020.12.19"]
[Round "1"]
[White "Shevkunov, Vladyslav"]
[Black "Stearman, Josiah P"]
[Result "0-1"]
[WhiteElo "1945"]
[BlackElo "2391"]
[PlyCount "114"]
[EventDate "2020.12.19"]
[EventType "swiss"]
[EventRounds "9"]
[EventCountry "USA"]
[SourceTitle "CBM 199 Extra"]
[Source "ChessBase"]
[SourceDate "2021.01.31"]
[SourceVersion "1"]
[SourceVersionDate "2021.01.31"]
[SourceQuality "1"]

1. c4 Nf6 2. g3 c6 3. Nf3 d5 4. Bg2 Bf5 5. cxd5 cxd5 6. Qb3 Qd7 7. Ne5 Qc7 8. Nc3 Nc6 9. Nxc6 bxc6 10. d4 Rb8 11. Qa4 e6 12. Bf4 Bd6 13. Bxd6 Qxd6 14. b3 0-0 15. Rc1 Nd7 16. 0-0 a5 17. Nd1 Rb5 18. Nc3 Rbb8 19. Nd1 Rb5 20. Nc3 Rb4 21. Qxa5 Rxd4 22. Na4 Rc8 23. e3 Rb4 24. Rc3 Rbb8 25. Qa6 Ra8 26. Qe2 c5 27. e4 Bg6 28. exd5 exd5 29. Rd1 Nf6 30. Qb5 Rab8 31. Rxc5 Re8 32. Qc6 Qe5 33. Nc3 Bh5 34. Bxd5 Qe7 35. Rf1 Nd7 36. Rc4 Ne5 37. Qc7 Nxc4 38. Qxe7 Rxe7 39. Bxc4 Bf3 40. a4 Re5 41. Nb5 Kf8 42. Nd4 Bd5 43. f4 Bxc4 44. fxe5 Bxf1 45. Kxf1 Rb4 46. Nc6 Rxb3 47. a5 Ra3 48. Kf2 Ke8 49. h4 Kd7 50. Nb4 Rxa5 51. Nd3 h5 52. Ke3 Ke6 53. Kf3 Kf5 54. Nf4 Ra3+ 55. Kf2 g6 56. Nd5 Kxe5 57. Ne3 Ke4 0-1

[Event "World op 48th"]
[Site "ICC INT"]
[Date "2020.08.07"]
[Round "1"]
[White "Jonkman, Harmen"]
[Black "Shevkunov, Vladyslav"]
[Result "1-0"]
[WhiteElo "2385"]
[BlackElo "1945"]
[PlyCount "77"]
[EventDate "2020.08.07"]
[EventType "swiss"]
[EventRounds "9"]
[EventCountry "USA"]
[SourceTitle "CBM 197 Extra"]
[Source "ChessBase"]
[SourceDate "2020.09.30"]
[SourceVersion "1"]
[SourceVersionDate "2020.09.30"]
[SourceQuality "1"]

1. e4 c5 2. c3 Nf6 3. e5 Nd5 4. Nf3 Nc6 5. d4 cxd4 6. cxd4 d6 7. Bc4 Nb6 8. Bb3 dxe5 9. d5 Na5 10. Nc3 Bg4 11. Be3 Nd7 12. 0-0 a6 13. Re1 Bxf3 14. Qxf3 Nxb3 15. axb3 g6 16. d6 exd6 17. Qxb7 Be7 18. Bh6 Rb8 19. Qxa6 Qb6 20. Qd3 Nc5 21. Qh3 Qxb3 22. Bg7 Rg8 23. Qxh7 Kd7 24. Ra7+ Nb7 25. Qh3+ Qe6 26. Qf3 Rxg7 27. Rxb7+ Rxb7 28. Qxb7+ Ke8 29. Ra1 f5 30. Nd5 Kf7 31. Ra7 Kg8 32. Ra8+ Bf8 33. Qc6 f4 34. h3 f3 35. Re8 Qf5 36. Qxd6 Rf7 37. Rxf8+ Rxf8 38. Ne7+ Kh7 39. Nxf5 1-0